[Event "ch-Arab"]
[Site "Dubai UAE"]
[Date "2005.09.20"]
[Round "9"]
[White "Al Hadarani,H"]
[Black "Taleb,M"]
[Result "0-1"]
[WhiteElo "2320"]
[BlackElo "2508"]

1.Nf3 Nf6 2.c4 e6 3.d4 b6 4.Nc3 Bb4 5.e3 Bb7 6.Bd3 O-O 7.O-O Bxc3 8.bxc3 d6
9.a4 a5 10.Re1 Nbd7 11.e4 e5 12.h3 Re8 13.Nd2 Nf8 14.Kh2 Ng6 15.g3 Nd7 16.Ra2 Ndf8
17.Nb3 Ne6 18.f3 Bc8 19.Be3 Qd7 20.Bf1 Qe7 21.Qd2 Bb7 22.Qf2 Rf8 23.Bd3 h5
24.h4 Rfe8 25.c5 bxc5 26.dxc5 d5 27.Bb5 c6 28.Be2 Nc7 29.c4 d4 30.Bd2 Ne6
31.Bxa5 Ba6 32.Bb6 Ngf8 33.f4 Nd7 34.fxe5 Nxe5 35.Nxd4 Nxd4 36.Qxd4 Bxc4
37.Qb2 Bxa2 38.Qxa2 g6 39.a5 Nd7 40.Bc4 Rf8 41.Rf1 Kg7 42.a6 Qxe4 43.a7 Ne5
44.Qg2 Qxc4 45.Qa2 Kh7 46.Qf2  0-1

[Event "EYb18"]
[Site "Herceg Novi SCG"]
[Date "2005.09.21"]
[Round "7"]
[White "Laznicka,V"]
[Black "Lanin,A"]
[Result "1-0"]
[WhiteElo "2517"]
[BlackElo "2424"]

1.d4 Nf6 2.c4 e6 3.Nf3 b6 4.Nc3 Bb4 5.Bg5 Bb7 6.e3 O-O 7.Rc1 d6 8.Be2 Nbd7
9.O-O Re8 10.Na4 d5 11.c5 bxc5 12.dxc5 Bc6 13.a3 Bxa4 14.Qxa4 Bxc5 15.Bxf6 Qxf6
16.Qxd7 Bd6 17.Rc2 e5 18.Rd1 Rad8 19.Qg4 e4 20.Nd4 c5 21.Nb3 d4 22.exd4 cxd4
23.Rxd4 h5 24.Qh3 Bxh2+ 25.Kxh2 Rxd4 26.Nxd4 Qxd4 27.Rc8 Qe5+ 28.Kh1 Rxc8
29.Qxc8+ Kh7 30.Qc3  1-0

[Event "4th Kesarovski - Georgiev Memorial"]
[Site "Sunny Beach BUL"]
[Date "2005.09.22"]
[Round "7"]
[White "Georgiev,S"]
[Black "Panajotov,J"]
[Result "1-0"]
[WhiteElo "1944"]
[BlackElo "2302"]

1.d4 Nf6 2.Nf3 e6 3.c4 b6 4.Nc3 Bb7 5.e3 Be7 6.Bd3 c5 7.O-O a6 8.a3 O-O 9.b3 d6
10.Bb2 Nbd7 11.Qc2 h6 12.Rfd1 cxd4 13.exd4 Bxf3 14.gxf3 d5 15.Kh1 Qb8 16.Rg1 Qf4
17.Qe2 Bd6 18.Rg2 Rfe8 19.Qe3 Qh4 20.Ne2 Kf8 21.f4 Nh5 22.Qf3 Ndf6 23.Bc1 a5
24.a4 Rad8 25.Be3 Rc8 26.Rc1 Rc7 27.c5 Be7 28.Nc3 bxc5 29.Nb5 Rc6 30.dxc5 Rb8
31.Nd4 Rc7 32.c6 Ne8 33.Nb5 Rcc8 34.Rg4 Qf6 35.Bd4 e5 36.Bxe5 Qe6 37.Nd4  1-0

[Event "Belgrade Premier League"]
[Site "Belgrade SCG"]
[Date "2005.10.01"]
[Round "1"]
[White "Pjevovic,B"]
[Black "Rajkovic,Du"]
[Result "0-1"]
[WhiteElo "2265"]
[BlackElo "2484"]

1.d4 Nf6 2.Nf3 e6 3.c4 b6 4.Nc3 Bb4 5.Qb3 c5 6.Bg5 Bb7 7.dxc5 Bxc5 8.e3 O-O
9.Rd1 h6 10.Bh4 Be7 11.Nb5 Na6 12.Be2 Nc5 13.Qc2 Be4 14.Qd2 a6 15.Nd6 Bc6
16.O-O Ra7 17.b4 Nce4 18.Nxe4 Bxe4 19.Qd4 Ba8 20.a3 a5 21.Qc3 Ne4 22.Qd4 Bxh4
23.Nxh4 Qxh4 24.f3 e5 25.Qxe5 Qf6 26.Qxf6 Nxf6 27.Rd6 axb4 28.axb4 Rb8 29.e4 Ra2
30.Kf2 Bxe4 31.Rxf6 Bd3  0-1

[Event "FSGM October"]
[Site "Budapest HUN"]
[Date "2005.10.01"]
[Round "12"]
[White "Berczes,D"]
[Black "Hera,I"]
[Result "1/2-1/2"]
[WhiteElo "2475"]
[BlackElo "2380"]

1.d4 Nf6 2.c4 e6 3.Nf3 b6 4.Nc3 Bb7 5.a3 Ne4 6.Nxe4 Bxe4 7.e3 Be7 8.Bd3 Bxd3
9.Qxd3 O-O 10.O-O d6 11.e4 a5 12.b3 Nd7 13.Bb2 Qc8 14.Nd2 e5 15.f4 exd4 16.Bxd4 Bf6
17.Bxf6 Nxf6 18.Nf3 Nd7 19.b4 axb4 20.axb4 Rxa1 21.Rxa1 Re8 22.Ra7 Nf6 23.e5 dxe5
24.fxe5 Nd7 25.e6 fxe6 26.Qe4  1/2-1/2

[Event "Open A"]
[Site "Hamburg GER"]
[Date "2005.10.02"]
[Round "2"]
[White "Colpe,H"]
[Black "Dalakian,H"]
[Result "1/2-1/2"]
[WhiteElo "2091"]
[BlackElo "1865"]

1.d4 Nf6 2.Nf3 e6 3.c4 b6 4.Nc3 Bb4 5.e3 Bb7 6.Bd3 Ne4 7.Qc2 Bxc3+ 8.bxc3 f5
9.O-O d6 10.Nd2 Nxd2 11.Bxd2 O-O 12.f3 Nd7 13.e4 Qf6 14.exf5 exf5 15.Rae1 c5
16.Be3 g6 17.Qa4 Rf7 18.Bf2 a6 19.Re2 Re7 20.Rxe7 Qxe7 21.Re1 Qf7 22.Bg3 f4
23.Bxf4 b5 24.cxb5 Qxf4 25.bxa6 Qd2 26.Rd1 Qe3+ 27.Kh1 Re8 28.axb7 Qxd3 29.dxc5 Qe2
30.Qb3+ Kg7 31.h3 Nxc5 32.Qd5 Rb8 33.Qxd6 Rxb7 34.Qd4+ Kh6 35.Qh4+ Kg7 36.Qd4+ Kh6
37.Qd8 Ne6 38.Qh4+ Kg7 39.Re1 Qxa2 40.c4 Qa6 41.Qe4 Nf8 42.c5 Rf7 43.c6 Qa5
44.Qd4+ Kg8 45.Rb1 Qc7 46.Qd5 Qc8 47.Re1 Qc7 48.Rb1 Qc8 49.Rb7 Qe6 50.Qc5 Rf5
51.Qc3 Qe5 52.Qc1 Qf4 53.Qa1 Qe5 54.Qa2+ Qd5 55.Qb2 Qe5 56.Qa2+ Ne6 57.c7 Qe1+
58.Kh2 Qe5+ 59.Kh1 Qe1+ 60.Kh2 Qe5+ 61.g3 Rf8 62.Rb6 Qxc7 63.Rxe6 Qf7 64.Qd5  1/2-1/2

[Event "Open A"]
[Site "Hamburg GER"]
[Date "2005.10.07"]
[Round "7"]
[White "Reinke,K"]
[Black "Ma,B"]
[Result "1-0"]
[WhiteElo "2042"]
[BlackElo "1863"]

1.d4 Nf6 2.c4 e6 3.Nf3 b6 4.Nc3 Bb4 5.Bg5 h6 6.Bh4 Bb7 7.e3 c5 8.Be2 O-O
9.O-O d6 10.Rc1 Nbd7 11.Bd3 e5 12.Bf5 Bxc3 13.Rxc3 Bxf3 14.gxf3 Qc7 15.d5 g6
16.Bc2 Nh7 17.Kh1 f5 18.f4 e4 19.Rg1 Kf7 20.f3 Nhf6 21.fxe4 fxe4 22.Qf1 Rae8
23.Bd1 Rg8 24.Qh3 h5 25.Rc2 Rg7 26.Rcg2 Reg8 27.Qe6+  1-0

[Event "Open A"]
[Site "Hamburg GER"]
[Date "2005.10.09"]
[Round "9"]
[White "Wemmers,X"]
[Black "Perunovic,Mil"]
[Result "0-1"]
[WhiteElo "2414"]
[BlackElo "2514"]

1.d4 Nf6 2.c4 e6 3.Nf3 b6 4.Nc3 Bb7 5.Bg5 h6 6.Bh4 Be7 7.Qc2 d5 8.O-O-O Nbd7
9.Rg1 a6 10.e3 dxc4 11.Bxc4 b5 12.Bd3 Rc8 13.e4 O-O 14.g4 b4 15.g5 hxg5 16.Nxg5 bxc3
17.e5 c5 18.exf6 Nxf6 19.Qe2 cxb2+ 20.Kb1 cxd4 21.Bc2 Bd5 22.Nxe6 Bxa2+ 23.Kxb2 Rxc2+
24.Qxc2 Bxe6 25.Rxg7+ Kxg7 26.Rg1+ Kh8 27.Qd2 Nh7  0-1

[Event "Goodbye Summer Open"]
[Site "Omis CRO"]
[Date "2005.10.11"]
[Round "2"]
[White "Batinic,J"]
[Black "Bogacov,A"]
[Result "1-0"]
[WhiteElo "1949"]
[BlackElo "2117"]

1.d4 Nf6 2.Nf3 e6 3.c4 b6 4.Nc3 Bb4 5.Qc2 Bb7 6.a3 Bxc3+ 7.Qxc3 Ne4 8.Qc2 f5
9.e3 d6 10.Bd3 Nd7 11.b3 O-O 12.O-O Ndf6 13.Nd2 Nxd2 14.Bxd2 Ne4 15.f3 Nxd2
16.Qxd2 Qh4 17.Qe1 Qf6 18.Rd1 c5 19.Bc2 Rad8 20.e4 cxd4 21.exf5 e5 22.Be4 d5
23.cxd5 Bxd5 24.Bxd5+ Rxd5 25.f4 Re8 26.Qe4 Rdd8 27.Rd3 Qd6 28.b4 exf4 29.Qxf4 Re3
30.Qxd6 Rxd6 31.Rfd1 Re4 32.Kf2 Rf4+ 33.Rf3 Rxf3+ 34.Kxf3 Kf7 35.Ke4 Kf6
36.g4 Kg5 37.h3 Kh4 38.Rxd4 Rc6 39.Rd7 h6 40.Rxg7 Kxh3 41.Rg6 Rc3 42.f6 Rc4+
43.Kf5  1-0

[Event "Cupa ULIM"]
[Site "Kishinev MDA"]
[Date "2005.10.12"]
[Round "5"]
[White "Bocancea,D"]
[Black "Prociuc,E"]
[Result "0-1"]
[WhiteElo "2115"]
[BlackElo "2078"]

1.Nf3 Nf6 2.c4 e6 3.d4 b6 4.Nc3 Bb7 5.e3 Be7 6.Be2 O-O 7.O-O d5 8.b3 Nbd7
9.Bb2 Rc8 10.Ne5 c5 11.cxd5 Nxd5 12.Nxd5 Bxd5 13.Nxd7 Qxd7 14.dxc5 Bxc5 15.Ba6 Rcd8
16.b4 Bd6 17.Qe2 Qe7 18.e4 Ba8 19.a3 Qh4 20.e5 Be7 21.Rad1 Rxd1 22.Rxd1 Rd8
23.f3 Qf4 24.Bd3 Bd5 25.Ba6 Bc6 26.Rxd8+ Bxd8 27.Qc2 Qe3+ 28.Kf1 Bh4 29.Qe2 Qb3
30.Bc4 Qa4 31.Qd3 Be7 32.g3 a5 33.Kg2 axb4 34.axb4 Qxb4 35.Bc3 Qa3 36.Qc2 g6
37.Bb3 Qa8 38.Qd3 b5 39.h4 b4 40.Bb2 h5 41.Bc1 Qa1 42.Bf4 Bc5 43.Bd1 Bd5
44.Kf1 b3 45.Ke2 Qa2+ 46.Bd2 b2  0-1

[Event "TCh-CZE Extraliga 2005-6"]
[Site "Czech Rep CZE"]
[Date "2005.10.15"]
[Round "1"]
[White "Laznicka,V"]
[Black "Jedynak,R"]
[Result "1-0"]
[WhiteElo "2517"]
[BlackElo "2431"]

1.c4 Nf6 2.Nf3 e6 3.d4 b6 4.Nc3 Bb4 5.Qb3 c5 6.Bg5 h6 7.Bh4 Bb7 8.a3 Bxc3+
9.Qxc3 g5 10.Bg3 Ne4 11.Qd3 Nxg3 12.hxg3 Qf6 13.Rd1 d6 14.e3 Nd7 15.dxc5 Nxc5
16.Qd4 Qxd4 17.Nxd4 Ke7 18.f3 a6 19.Kf2 Rac8 20.Be2 Nd7 21.Rd2 h5 22.e4 Nf6
23.Ke3 g4 24.Bd3 gxf3 25.gxf3 Rhg8 26.Kf2 Rc5 27.Rh3 Bc8 28.Rh4 Rcg5 29.Ne2 Bd7
30.Rh1 Rc8 31.Rc1 Rgc5 32.Rdc2 Rg5 33.b4 a5 34.Ke3 axb4 35.axb4 Ra8 36.Kf4 Rgg8
37.c5 bxc5 38.bxc5 dxc5 39.Rxc5 Rac8 40.Rxc8 Bxc8 41.Rc5 Bd7 42.Nc3 Rh8 43.e5 Ne8
44.Kg5 f6+ 45.Kh4 fxe5 46.Rxe5 Nf6 47.Ne4 Nxe4 48.Bxe4 Be8 49.f4 Bf7 50.Bf3 Rb8
51.Bxh5 Bxh5 52.Rxh5 Kf6 53.Ra5 Rh8+ 54.Kg4 Rg8+ 55.Kf3 Rb8 56.Re5 Ra8 57.g4 Ra1
58.g5+ Kf7 59.Re3 Rf1+ 60.Kg4 Rg1+ 61.Rg3 Rf1 62.Rh3 Rg1+ 63.Kh5 Rf1 64.Kh6 Rg1
65.Rh4 Rg2 66.Rh5 Rg1 67.Kh7  1-0

[Event "Chigorin Mem"]
[Site "St Petersburg RUS"]
[Date "2005.10.15"]
[Round "1"]
[White "Solozhenkin,E"]
[Black "Chehlov,A"]
[Result "1-0"]
[WhiteElo "2495"]
[BlackElo "2207"]

1.d4 Nf6 2.c4 e6 3.Nf3 b6 4.Nc3 Bb7 5.e3 Be7 6.Bd3 c5 7.O-O O-O 8.d5 exd5
9.cxd5 d6 10.e4 Nbd7 11.h3 a6 12.a4 Ne8 13.Be3 Bf6 14.Rb1 Rb8 15.Qd2 g6 16.b4 Ng7
17.Rfc1 Qe7 18.bxc5 bxc5 19.Nd1 Bc8 20.Nb2 Bxb2 21.Rxb2 Rxb2 22.Qxb2 f6 23.Rb1 g5
24.Qe2 h5 25.Nd2 Rf7 26.a5 Ne5 27.Bxa6 Bxa6 28.Qxa6 f5 29.exf5 Nxf5 30.Qe2 g4
31.a6 Qa7 32.Ne4 Qa8 33.Ng5 Re7 34.hxg4 hxg4 35.Qc2 Nh4 36.Rb6 Rd7 37.Qb3 Rd8
38.Ne6 Rc8 39.Nc7 c4 40.Qb5  1-0

[Event "Chigorin Mem"]
[Site "St Petersburg RUS"]
[Date "2005.10.15"]
[Round "1"]
[White "Shimanov,A"]
[Black "Sorokin,M"]
[Result "0-1"]
[WhiteElo "2279"]
[BlackElo "2567"]

1.d4 Nf6 2.c4 e6 3.Nf3 b6 4.Nc3 Bb7 5.e3 g6 6.Bd3 c5 7.O-O Bg7 8.b3 O-O 9.Bb2 Nc6
10.Be2 cxd4 11.Nxd4 Nxd4 12.Qxd4 d5 13.Qd1 dxc4 14.Bxc4 Ne4 15.Qxd8 Rfxd8
16.Rfc1 Nxf2 17.Rc2 Ng4 18.Re1 Rac8 19.Bf1 Bh6 20.e4 Rd2  0-1

[Event "TCh-CZE Extraliga 2005-6"]
[Site "Czech Rep CZE"]
[Date "2005.10.16"]
[Round "2"]
[White "Stocek,J"]
[Black "Babula,V"]
[Result "1/2-1/2"]
[WhiteElo "2580"]
[BlackElo "2593"]

1.d4 Nf6 2.c4 e6 3.Nf3 b6 4.Nc3 Bb7 5.a3 d5 6.cxd5 Nxd5 7.e3 g6 8.Bb5+ c6
9.Bc4 Bg7 10.O-O O-O 11.e4 Nxc3 12.bxc3 c5 13.Bg5 Qc8 14.Qe2 Nc6 15.Rac1 h6
16.Bf4 Rd8 17.Rfd1 cxd4 18.cxd4 Nxd4 19.Nxd4 Bxd4 20.Bxh6 Bf6 21.Bd3 Qd7
22.e5 Qd5 23.f4 Be7 24.Bxg6 Bc5+ 25.Kh1 Qxg2+ 26.Qxg2 Bxg2+ 27.Kxg2 fxg6
28.a4 Kf7 29.Bg5  1/2-1/2

[Event "Chigorin Mem"]
[Site "St Petersburg RUS"]
[Date "2005.10.19"]
[Round "5"]
[White "Lovkov,R"]
[Black "Solozhenkin,E"]
[Result "0-1"]
[WhiteElo "2365"]
[BlackElo "2495"]

1.d4 Nf6 2.c4 e6 3.Nf3 b6 4.Nc3 Bb4 5.Qb3 c5 6.a3 Ba5 7.Bg5 O-O 8.d5 exd5
9.cxd5 d6 10.e3 a6 11.Nd2 b5 12.Nde4 Nbd7 13.Nxd6 c4 14.Qc2 Qb6 15.Nxc8 Raxc8
16.Rd1 Bxc3+ 17.bxc3 Qc5 18.Be2 Nxd5 19.O-O N7b6 20.Bg4 Rb8 21.Bf5 h6 22.e4 hxg5
23.exd5 Rfd8 24.Be4 Qxa3 25.Rfe1 Qd6 26.Qd2 g4 27.Qg5 Nd7 28.Qxg4 Nf6 29.Qf5 Re8
30.Bf3 g6 31.Qg5 Rxe1+ 32.Rxe1 Re8 33.Rxe8+ Nxe8 34.h4 a5 35.h5 a4 36.Qe3 Nc7
37.Qd4 gxh5 38.Qa7 h4 39.Qd4 a3 40.Qa7 Kg7 41.Qd4+ Qf6 42.Qg4+ Kf8 43.Qc8+ Ne8
44.Qc5+ Qe7 45.Qd4 Qe1+ 46.Kh2 a2 47.d6 f6 48.d7 a1=Q 49.Kh3 Qac1 50.g3 Qcxc3
51.d8=Q Qxf3 52.Q4d6+ Kg8 53.Qd5+ Qxd5 54.Qxd5+  0-1

[Event "Chigorin Mem"]
[Site "St Petersburg RUS"]
[Date "2005.10.22"]
[Round "8"]
[White "Popov,Val"]
[Black "Andreikin,D"]
[Result "1/2-1/2"]
[WhiteElo "2588"]
[BlackElo "2458"]

1.d4 Nf6 2.c4 e6 3.Nf3 b6 4.Nc3 Bb4 5.Qb3 a5 6.a3 a4 7.Qc2 Bxc3+ 8.Qxc3 Bb7
9.Bg5 h6 10.Bh4 d6 11.e3 Ra5 12.Qc2  1/2-1/2

[Event "Jababeka Women"]
[Site "Jakarta INA"]
[Date "2005.10.23"]
[Round "4"]
[White "Zakharova,Ad"]
[Black "Roslina,M"]
[Result "1/2-1/2"]
[WhiteElo "2071"]
[BlackElo "2016"]

1.d4 Nf6 2.Nf3 e6 3.c4 b6 4.Nc3 Bb7 5.Qc2 Bb4 6.Bg5 d6 7.e3 Nbd7 8.Be2 Bxc3+
9.Qxc3 h6 10.Bxf6 gxf6 11.O-O-O Qe7 12.Rhe1 O-O-O 13.g3 f5 14.Nd2 Nf6 15.a4 h5
16.h4 Ng4 17.Rf1 Kb8 18.a5 Nf6 19.b4 e5 20.Rde1 e4 21.b5 Rc8 22.a6 Ba8 23.d5 Nd7
24.Nb3 Ne5 25.Nd4 Qd7 26.Kc2 Rcg8 27.Rh1 Ng4 28.Bxg4 fxg4 29.Ne2 Bxd5 30.cxd5 Qxb5
31.Nd4 Qa4+ 32.Qb3 Qxa6 33.Ra1 Qd3+ 34.Qxd3 exd3+ 35.Kxd3 a5 36.Nc6+ Kb7
37.Rhb1 Ka6 38.Rc1 Rh6 39.Rc2  1/2-1/2

[Event "Jababeka Women"]
[Site "Jakarta INA"]
[Date "2005.10.23"]
[Round "5"]
[White "Roslina,M"]
[Black "Lindiawati,E"]
[Result "0-1"]
[WhiteElo "2016"]
[BlackElo "2091"]

1.d4 Nf6 2.Nf3 e6 3.c4 b6 4.Nc3 Ba6 5.e3 Bb4 6.Bd2 O-O 7.a3 Bxc3 8.Bxc3 Ne4
9.Rc1 d6 10.Bd3 f5 11.b4 Nxc3 12.Rxc3 Nd7 13.O-O c5 14.Re1 e5 15.dxe5 Nxe5
16.e4 f4 17.Bf1 Qe7 18.Qb3 Bc8 19.Nxe5 dxe5 20.bxc5 Qxc5 21.Qb5 Be6 22.Qxc5 bxc5
23.Rb1 Rf7 24.Rb5 Rc7 25.Rcb3 Kf7 26.Rb7 Rc8 27.f3 Ke7 28.Kf2 Kd6 29.Bd3 Kc6
30.Rxc7+ Rxc7 31.Ke2 Rd7 32.Rb2 Rd4 33.Rc2 g5 34.h3 h5 35.Kd2 g4 36.hxg4 hxg4
37.Kc3 Rd8 38.Rb2 Rh8 39.a4 Rh2 40.a5 gxf3 41.gxf3 Rxb2 42.Kxb2 Kb7 43.Kc3 Ka6
44.Bc2 Kxa5 45.Bb3 Bd7 46.Bd1 Ba4 47.Bb3 a6  0-1

[Event "5th Rohde Open"]
[Site "Sautron FRA"]
[Date "2005.10.23"]
[Round "2"]
[White "Borovikov,V"]
[Black "Wirig,A"]
[Result "1-0"]
[WhiteElo "2576"]
[BlackElo "2415"]

1.d4 Nf6 2.Nf3 e6 3.c4 b6 4.Nc3 Bb7 5.a3 d5 6.cxd5 Nxd5 7.e3 Nxc3 8.bxc3 Be7
9.Bb5+ c6 10.Bd3 c5 11.O-O O-O 12.Qc2 h6 13.Qe2 Nc6 14.Bb2 Rc8 15.e4 Na5
16.Rad1 Qc7 17.Ne5 Bd6 18.f4 Qe7 19.Ng4 f5 20.e5 c4 21.Bb1 Bxa3 22.Ne3 Bxb2
23.Qxb2 g6 24.h3 h5 25.Kh2 Rcd8 26.Ba2 Bd5 27.Nxd5 Rxd5 28.Bb1 Nc6 29.Qf2 Kf7
30.Bc2 Qa3 31.Qg3 Rfd8 32.Ra1 Qe7 33.Bd1 Ra5 34.Bf3 Rxa1 35.Rxa1 Na5 36.Rd1 h4
37.Qf2 Kg7 38.g3 hxg3+ 39.Qxg3 Rh8 40.d5 exd5 41.Rxd5 Rd8 42.Rxd8 Qxd8 43.h4 Kh6
44.Qg5+ Qxg5 45.fxg5+ Kg7 46.Bd5 b5 47.e6 Nb7 48.Bxb7 b4 49.Bd5 Kf8 50.cxb4  1-0

[Event "9th Bavarian Open"]
[Site "Bad Wiessee GER"]
[Date "2005.10.29"]
[Round "1"]
[White "Khenkin,I"]
[Black "Alsheimer,C"]
[Result "1-0"]
[WhiteElo "2603"]
[BlackElo "2060"]

1.d4 Nf6 2.c4 e6 3.Nf3 b6 4.Nc3 Bb7 5.Bg5 Bb4 6.Nd2 h6 7.Bh4 c5 8.d5 Bxc3
9.bxc3 d6 10.e4 e5 11.Bd3 Nbd7 12.Bc2 Qe7 13.Nf1 Qf8 14.Ne3 g6 15.Ba4 g5
16.Qf3 O-O-O 17.Bg3 h5 18.h4 g4 19.Bxd7+ Nxd7 20.Qe2 Nf6 21.Nf5 Kc7 22.a4 Bc8
23.a5 Bxf5 24.exf5 b5 25.cxb5 Nxd5 26.Qe4 Nxc3 27.Qc4 Qe8 28.b6+ axb6 29.axb6+ Kxb6
30.Qxc3 Qb5 31.Kd2  1-0

[Event "5th Rohde Open"]
[Site "Sautron FRA"]
[Date "2005.10.29"]
[Round "8"]
[White "Borovikov,V"]
[Black "Pham Minh Hoang"]
[Result "1-0"]
[WhiteElo "2576"]
[BlackElo "2466"]

1.d4 Nf6 2.Nf3 e6 3.c4 b6 4.Nc3 Bb7 5.a3 d5 6.cxd5 Nxd5 7.Bd2 Be7 8.Qc2 O-O
9.e4 Nxc3 10.Bxc3 c5 11.dxc5 bxc5 12.Rd1 Qc7 13.Qa4 Bc6 14.Bb5 Qb7 15.Bxc6 Nxc6
16.O-O Rfd8 17.h3 a6 18.Rxd8+ Rxd8 19.Rd1 Rxd1+ 20.Qxd1 h6 21.Qd3 Bf8 22.Kf1 Be7
23.Ke1 Na7 24.a4 Nc8 25.Nd2 Qc6 26.b3 Nd6 27.f3 Qb6 28.Kd1 Qb7 29.Kc2 Qc6
30.Be5 Nb7 31.Nc4 Qc8 32.Bc3 f6 33.Nb6 Qc6 34.Qxa6 Bd8 35.a5 Kh7 36.Qa7 c4
37.Nxc4 Nc5 38.Bd4 Na6 39.Bb6 Nc7 40.Qb8 Qd7 41.Bxc7 Bxc7 42.Qb7 Qd8 43.a6  1-0

[Event "FSIMB November"]
[Site "Budapest HUN"]
[Date "2005.11.09"]
[Round "5"]
[White "Fodor,T jr"]
[Black "Murzin,L"]
[Result "1/2-1/2"]
[WhiteElo "2252"]
[BlackElo "2206"]

1.d4 Nf6 2.c4 e6 3.Nf3 b6 4.Nc3 Bb4 5.Bg5 Bb7 6.Nd2 Bxc3 7.bxc3 h6 8.Bh4 d6
9.f3 Nbd7 10.e4 e5 11.Bd3 Nf8 12.Bc2 Ng6 13.Bf2 O-O 14.O-O Nh5 15.g3 Qg5
16.Qe1 Rae8 17.Be3 Qd8 18.a4 Bc8 19.Kh1 Bh3 20.Rg1 Bd7 21.a5 Nf6 22.axb6 axb6
23.c5 bxc5 24.dxc5 d5 25.Rd1 Bc6 26.Bf2 Qa8  1/2-1/2

[Event "FSGM November"]
[Site "Budapest HUN"]
[Date "2005.11.14"]
[Round "10"]
[White "Berczes,D"]
[Black "Porat,I"]
[Result "1-0"]
[WhiteElo "2475"]
[BlackElo "2328"]

1.d4 Nf6 2.c4 e6 3.Nf3 b6 4.Nc3 Bb7 5.a3 d5 6.cxd5 Nxd5 7.e3 g6 8.Bb5+ c6
9.Bd3 Qc7 10.h4 h6 11.Ne2 Bg7 12.e4 Nf6 13.Nc3 O-O 14.e5 Nd5 15.Nxd5 cxd5
16.h5 g5 17.Bxg5 hxg5 18.h6 Bh8 19.Bh7+ Kxh7 20.Nxg5+ Kg8 21.h7+ Kg7 22.Qh5  1-0

[Event "TCh-BEL 2005-6"]
[Site "Belgium BEL"]
[Date "2005.11.20"]
[Round "4"]
[White "Wemmers,X"]
[Black "Henrichs,T"]
[Result "1/2-1/2"]
[WhiteElo "2414"]
[BlackElo "2457"]

1.d4 Nf6 2.c4 e6 3.Nf3 b6 4.Nc3 Bb7 5.Bg5 Bb4 6.e3 h6 7.Bh4 Bxc3+ 8.bxc3 d6
9.Nd2 g5 10.Bg3 Qe7 11.f3 Nbd7 12.Qa4 Nh5 13.Bf2 f5 14.Bd3 c5 15.g4 Ng7 16.h4 O-O-O
17.gxf5 exf5 18.O-O-O Kb8 19.Rde1 Nf6 20.Qc2 Qd7 21.d5 Rdf8 22.Kb2 g4 23.a4 gxf3
24.Nxf3 Ne4 25.Bg1 Nh5 26.Bh2 Rhg8 27.Rhg1 Qe7 28.Nd2 Nhg3 29.Nxe4 Nxe4 30.Bf4 h5
31.Bxe4 fxe4 32.Qh2 Kc7 33.Rg5 Ba6 34.Reg1 Rxg5 35.Rxg5 Bxc4 36.Bxd6+ Qxd6
37.Rg7+ Kc8 38.Qxd6  1/2-1/2

[Event "55th ch-GRE"]
[Site "Kalamata GRE"]
[Date "2005.11.22"]
[Round "7"]
[White "Halkias,S"]
[Black "Banikas,H"]
[Result "1/2-1/2"]
[WhiteElo "2540"]
[BlackElo "2566"]

1.d4 Nf6 2.Nf3 e6 3.c4 b6 4.Nc3 Bb7 5.Bg5 h6 6.Bh4 Be7 7.Qc2 c5 8.dxc5 bxc5
9.e3 Qa5 10.Be2 Ne4 11.Bxe7 Nxc3 12.Bxc5 Nd5+ 13.b4 Nxb4 14.Bxb4 Qxb4+ 15.Nd2 Bc6
16.c5 O-O 17.O-O Qa3 18.Qc1 Qa4 19.Bd1 Qa5 20.Nb3 Qc7 21.Nd4 Rc8 22.Qa3 Bd5
23.Rc1 Nc6 24.Bf3 Nxd4 25.exd4 Qc6 26.Bxd5 Qxd5 27.Qa4 Rab8 28.Rb1 Rxb1 29.Rxb1 Qe4
30.Qb4 e5 31.dxe5 Qxe5 32.Rc1 Qd5 33.g3 d6 34.c6 Rxc6 35.Qb8+ Kh7 36.Rxc6 Qxc6  1/2-1/2

[Event "FSGMA December"]
[Site "Budapest HUN"]
[Date "2005.12.03"]
[Round "1"]
[White "Berczes,D"]
[Black "Steingrimsson,H"]
[Result "1/2-1/2"]
[WhiteElo "2475"]
[BlackElo "2435"]

1.d4 Nf6 2.c4 e6 3.Nf3 b6 4.Nc3 Bb7 5.a3 d5 6.cxd5 Nxd5 7.Qc2 c5 8.dxc5 Bxc5
9.Bg5 Qc8 10.Rc1 a5 11.Nxd5 Bxd5 12.Qc3 f6 13.b4 axb4 14.axb4 fxg5 15.bxc5 O-O
16.e4 Bxe4 17.Nxg5 Bd5 18.Bd3 h6 19.Ne4 Qc6 20.f3 Nd7 21.O-O bxc5 22.Kh1 Rfc8
23.Rb1 c4 24.Bc2 Nc5 25.Ng3 Rcb8 26.Nh5 Qc7 27.Rfe1 Rxb1 28.Rxb1 Qf7 29.Ng3 Qf6
30.Qe3 Nb3 31.h3 Qg5 32.f4 Qh4 33.Be4 Rf8 34.Ne2 Kh8 35.Rd1 Qh5 36.Nc3 Bxe4
37.Qxe4 Qf5  1/2-1/2

[Event "IV Memorial Pereyra Puebla"]
[Site "Mendoza ARG"]
[Date "2005.12.17"]
[Round "3"]
[White "Di Benedetto,G"]
[Black "Ricardi,P"]
[Result "0-1"]
[WhiteElo "2282"]
[BlackElo "2520"]

1.d4 Nf6 2.c4 e6 3.Nf3 b6 4.Nc3 Bb7 5.Bg5 h6 6.Bxf6 Qxf6 7.e4 Bb4 8.Bd3 O-O
9.O-O Bxc3 10.bxc3 d6 11.Rb1 Nd7 12.Ne1 c5 13.Nc2 cxd4 14.cxd4 e5 15.d5 Nc5
16.Ne3 Bc8 17.Bc2 Bd7 18.Kh1 g6 19.Qe2 Rae8 20.f3 Qe7 21.g4 Bc8 22.Rg1 Ba6
23.Rg3 Rc8 24.Rbg1 Kh7 25.Kg2 Nb7 26.h4 Na5 27.Bd3 Rc5 28.h5 g5 29.Nf5 Qf6
30.f4 gxf4 31.g5 hxg5 32.Rg4 Bc8 33.Kh1 Rg8 34.Qg2 Bxf5 35.exf5 Kh6 36.Qe4 Nb7
37.Bc2 b5 38.cxb5 Rc3 39.Qg2 Nc5 40.a4 Ra3 41.Qd2 e4 42.Qh2 Qxf5  0-1

[Event "5th Amplico AIG Life"]
[Site "Warsaw POL"]
[Date "2005.12.17"]
[Round "5"]
[White "Bartel,Mat"]
[Black "Szymanski,M"]
[Result "0-1"]
[WhiteElo "2513"]
[BlackElo "2434"]

1.d4 Nf6 2.Nf3 e6 3.c4 b6 4.Nc3 Bb4 5.Bg5 h6 6.Bh4 g5 7.Bg3 Ne4 8.Qd3 Bb7
9.Nd2 Bxc3 10.bxc3 Nxg3 11.hxg3 d6 12.f4 Nd7 13.Nf3 gxf4 14.gxf4 Qf6 15.e3 O-O-O
16.O-O-O e5 17.Qd2 exf4 18.exf4 Nf8 19.d5 Nd7 20.Bd3 Nc5 21.Bc2 Ba6 22.Qd4 Qxd4
23.cxd4 Nd7 24.Bd3 Rdg8 25.Rdg1 Nf6 26.g4 Kb8 27.g5 hxg5 28.Nxg5 Nxd5 29.Bh7 Nxf4
30.Bxg8 Rxg8 31.Kd2 Bxc4 32.Rh2 f6 33.Nf3 Rxg1 34.Nxg1 Bxa2 35.Rh8+ Kb7 36.Rf8 Nd5
37.Ne2 a5 38.Nc3 Nxc3 39.Kxc3 b5 40.Rxf6 b4+ 41.Kb2 Bc4 42.Rf5 a4 43.Ra5 a3+
44.Ka1 Kb6 45.Ra4 Kb5 46.Ra7 c6 47.Rb7+ Ka4 48.Ra7+ Kb3 49.Ra8 Kc2 50.Rxa3 bxa3
51.d5 Bb5  0-1

[Event "14th Donau Open"]
[Site "Aschach AUT"]
[Date "2005.12.27"]
[Round "2"]
[White "Zaja,I"]
[Black "Cifka,S"]
[Result "1/2-1/2"]
[WhiteElo "2466"]
[BlackElo "2315"]

1.d4 Nf6 2.c4 e6 3.Nf3 b6 4.Nc3 Bb7 5.Bg5 Be7 6.e3 O-O 7.Bd3 c5 8.O-O cxd4
9.exd4 d5 10.Bxf6 Bxf6 11.cxd5 exd5 12.Re1 Nc6 13.Rc1 Qd7 14.Bb5 Rfe8 15.Qb3 Rad8
16.Nxd5 Rxe1+ 17.Rxe1 Nxd4 18.Nxf6+ gxf6 19.Nxd4 Qxd4 20.h3 Qd5 21.Qg3+ Kh8
22.Be8 Bc6 23.Bxc6 Qxc6 24.Qf4 Rd6 25.Re7 Rd1+ 26.Kh2 Qd6 27.Qxd6 Rxd6 28.Rxf7 Rd2
29.b4 Rxa2 30.Rxf6 Kg7 31.Rf4 a5 32.bxa5 bxa5 33.g4 Kg6 34.h4 a4 35.Kg2 Ra1
36.g5 Kh5 37.Kf3 Ra3+ 38.Kg2 Ra1 39.Kg3 Rg1+ 40.Kf3 a3 41.Ra4 Rh1 42.Kg3 Rg1+
43.Kf3 Rh1 44.Ke4 Rxh4+ 45.f4 h6 46.gxh6 Kxh6 47.Rxa3 Kg7 48.Ke5 Rh6 49.Ra7+ Kf8
50.Kf5 Rb6 51.Kg5 Rc6 52.f5 Rb6 53.Ra4 Rc6 54.Ra5 Kg7 55.Re5 Kf7 56.Rd5 Kf8
57.Rd7 Rb6 58.Rd8+ Kf7 59.Rc8 Ra6 60.Rh8 Kg7  1/2-1/2

[Event "Open A"]
[Site "Bethune FRA"]
[Date "2005.12.28"]
[Round "4"]
[White "Peek,Mar"]
[Black "Masztalir,M"]
[Result "0-1"]
[WhiteElo "2373"]
[BlackElo "1946"]

1.d4 Nf6 2.Nf3 e6 3.c4 b6 4.Nc3 Bb7 5.a3 d5 6.Bg5 Be7 7.Bxf6 Bxf6 8.cxd5 exd5
9.Qa4+ Qd7 10.Qxd7+ Kxd7 11.g3 Na6 12.b4 c5 13.Bh3+ Ke7 14.bxc5 bxc5 15.e3 Bc6
16.Kd2 Rab8 17.Rab1 Nc7 18.Rhc1 c4 19.Ne5 Bxe5 20.dxe5 Bd7 21.Bg2 Bc6 22.Ne2 Ne6
23.Nd4 Nxd4 24.exd4 g5 25.f4 gxf4 26.gxf4 Rhg8 27.Bf3 Rb6 28.Rxb6 axb6 29.Kc3 Ra8
30.Ra1 Ra5 31.Bd1 Ba4 32.Bxa4 Rxa4 33.f5 b5 34.Kb2 b4 35.axb4 c3+  0-1

[Event "Master Open"]
[Site "Zurich SUI"]
[Date "2005.12.29"]
[Round "6"]
[White "Stocek,J"]
[Black "Carron,J"]
[Result "1-0"]
[WhiteElo "2580"]
[BlackElo "2314"]

1.d4 Nf6 2.c4 e6 3.Nf3 b6 4.Nc3 Bb4 5.Bg5 Bb7 6.Qc2 c5 7.d5 h6 8.Bh4 exd5
9.cxd5 Bxd5 10.O-O-O Bc6 11.e3 O-O 12.Nd5 Bxd5 13.Rxd5 Nc6 14.Bc4 Na5 15.Bb5 c4
16.Rxd7 Qc8 17.Bxf6 gxf6 18.Qf5 Rd8 19.Rhd1  1-0

[Event "8th Open ch-Bajmok"]
[Site "Bajmok SCG"]
[Date "2006.01.04"]
[Round "8"]
[White "Brindza,I"]
[Black "Vidic,S"]
[Result "1/2-1/2"]
[WhiteElo "2072"]
[BlackElo "2267"]

1.d4 Nf6 2.c4 e6 3.Nf3 b6 4.Nc3 Bb7 5.Bg5 Be7 6.Qc2 O-O 7.e4 d5 8.Bxf6 Bxf6
9.cxd5 exd5 10.e5 Re8 11.O-O-O Bg5+  1/2-1/2

[Event "14th Bieze"]
[Site "Arnhem NED"]
[Date "2006.01.07"]
[Round "3"]
[White "Mchedlishvili,M"]
[Black "Cekro,E"]
[Result "1/2-1/2"]
[WhiteElo "2564"]
[BlackElo "2410"]

1.d4 Nf6 2.c4 e6 3.Nf3 b6 4.Nc3 Bb7 5.Bg5 Be7 6.e3 d6 7.Bd3 Nbd7 8.O-O O-O
9.Rc1 a6 10.Bb1 c5 11.Qe2 Re8 12.Rfd1 Qc7 13.a3 Rad8 14.Bh4 Nf8 15.Nd2 Ng6
16.Bg3 Qb8 17.Nde4 Nxe4 18.Nxe4 Qa8 19.f3 d5 20.Nc3 cxd4 21.Rxd4 dxc4 22.Rxd8 Rxd8
23.Qxc4 b5 24.Qe2 Rc8 25.Qd2 Rd8 26.Qe1 Bf6 27.Rd1 Rxd1 28.Qxd1 Bxc3 29.bxc3 Qc8
30.Qd4 Bd5 31.Bd6 Qc4 32.Qxc4 Bxc4 33.Kf2 f5 34.e4 fxe4 35.Bxe4 Bd5 36.Bd3 Kf7
37.Ke3 Nh4 38.Kf2 Nf5 39.Be5 h6 40.g4 Ne7 41.Ke3 Nc6 42.Bc7 e5 43.h4 g5 44.h5 Ke6
45.Bf5+ Ke7 46.Bg6 Kd7 47.Bb6 Kd6 48.Bd3 Bg8 49.Be4 Bd5 50.Bf5 Bb3 51.Bc8 Ne7
52.Bb7 Nd5+  1/2-1/2